The mathematics of finite elements and applications /

Uloženo v:
Podrobná bibliografie
Hlavní autor: Whiteman, J. R.
Médium: Kniha
Jazyk:angličtina
Vydáno: London : Academic Press, 1973
On-line přístup: Získat plný text
Tagy: Přidat tag
Žádné tagy, Buďte první, kdo vytvoří štítek k tomuto záznamu!

MARC

LEADER 00000nam a2200000 4500
003 SK-BrCVT
005 20220617180634.0
008 940803s1973 xxk e ||||||eng d
035 |a CVTIDW0923064 
040 |b slo  |a CVTI SR 
041 0 |a eng 
044 |a xxk 
080 |a 517.1/.3  |2 UDC-MRF 
100 1 |a Whiteman, J. R. 
242 1 0 |a Matematika konečných prvkov a aplikácie 
245 1 4 |a The mathematics of finite elements and applications /  |c Ed. By: J. R. Whiteman 
260 |a London :  |b Academic Press,  |c 1973 
300 |a 13, 520 s. 
910 |b A324243 
974 |f Knihy 
992 |a AZN 
999 |c 81158  |d 81158